Biggest Cities in Indonesia - Statistics

General Stats
  • This quiz has been taken 6,950 times
  • The average score is 8 of 15
Answer Stats
Pop. City % Correct
9,558,198 Jakarta
100%
2,765,908 Surabaya
88%
2,393,633 Bandung
84%
2,109,330 Medan
77%
1,334,090 Makassar
57%
1,438,733 Semarang
57%
1,441,500 Palembang
56%
1,993,478 Bekasi
45%
949,066 Bogor
43%
1,537,244 Tangerang
43%
833,584 Padang
41%
790,356 Malang
40%
1,751,969 Depok
39%
949,775 Batam
27%
966,037 South Tangerang
18%
No matching quizzes found
Score Distribution
Percent of People with Each Score
Percentile by Number Answered
Your Score History
You have not taken this quiz